|
|
|
|
| LEADER |
00000nam0a2200000 4500 |
| 001 |
10915 |
| 005 |
20231030183405.0 |
| 010 |
|
|
|a 523800057X
|
| 035 |
|
|
|a (RuTPU)RU\TPU\book\10983
|
| 035 |
|
|
|a BOOK00011049
|
| 090 |
|
|
|a 10915
|
| 100 |
|
|
|a 20011209d1999 m y0rusy50 ca
|
| 101 |
0 |
|
|a rus
|
| 102 |
|
|
|a RU
|
| 105 |
|
|
|a y j 000zy
|
| 200 |
1 |
|
|a Предпринимательство
|e учебник
|f Под ред. В. Я. Горфинкеля, Г. Б. Поляка, В. А. Швандара
|
| 210 |
|
|
|a Москва
|c Банки и биржи
|c ЮНИТИ
|d 1999
|
| 215 |
|
|
|a 475 с.
|
| 333 |
|
|
|a Исключено из фонда НТБ ТПУ
|
| 702 |
|
1 |
|a Горфинкель
|b В. Я.
|g Владимир Яковлевич
|4 340
|
| 702 |
|
1 |
|a Поляк
|b Г. Б.
|g Георгий Борисович
|4 340
|
| 702 |
|
1 |
|a Швандар
|b В. А.
|g Владимир Андреевич
|4 340
|
| 801 |
|
0 |
|a RU
|b 63413507
|c 20011209
|g PSBO
|
| 801 |
|
2 |
|a RU
|b 63413507
|c 20210208
|g PSBO
|
| 942 |
|
|
|c BK
|